Veľkosť obce versus rozvojové možnosti jej územia

Saved in:
Bibliographic Details
Main Author: Žárska, Elena, 1955-
Format: Book Chapter
Language:Slovak
Tags: Add Tag
No Tags, Be the first to tag this record!

MARC

LEADER 00000nla$a2200000$$$4500
001 0063081
005 20240502071724.1
041 0 |a slo 
044 |a SK 
245 1 0 |a Veľkosť obce versus rozvojové možnosti jej územia 
100 1 |a Žárska, Elena, 1955-